000 00783nam a2200217Ia 4500
003 GCL
008 140319s9999 xx 000 0 ara d
040 _aGCL /
_cGCL
082 0 4 _a658.9136211
_bث ا
100 1 _aثامر ياسر البكرى
245 1 0 _aادارة المستشفيات /
_cثامر ياسر البكرى
260 _aالاردن :
_bدار اليازورى العلمية للنشر والتوزيع ،
_c2005
300 _a320 ص ؛
_c24 سم
650 0 4 _aالمستشفيات
650 0 4 _aالتمريض
650 0 4 _aالمستشفيات - ادارة
650 0 4 _aالمستشفيات - الجوانب الصحية
650 0 4 _aالمستشفيات - ادارة مالية
650 0 4 _aالمستشفيات - تجهيز
942 _2ddc
_cBK
999 _c33392
_d33392